Premiers Pokémon à avoir obtenu chaque double type - Statistiques

Statistiques générales
  • Ce quiz a été pris 64 fois
  • Le résultat moyen est 127 sur 162
Statistiques - réponses
Doubles types Réponse % Correct
Eau Pur Carapuce
97%
Acier/Électrik Magnéti
97%
Dragon Pur Minidraco
97%
Acier/Vol Airmure
94%
Acier/Dragon Dialga
94%
Électrik/Vol Électhor
94%
Acier/Feu Heatran
94%
Électrik/Feu | Électrik/Glace | Électrik/Plante | Électrik/Spectre Motisma
94%
Électrik Pur Pikachu
94%
Acier/Eau Pingoléon
94%
Dragon/Électrik Zekrom
94%
Plante/Poison Bulbizarre
90%
Feu/Vol Dracaufeu
90%
Dragon/Vol Dracolosse
90%
Combat Pur Férosinge
90%
Fée Pur Mélofée
90%
Acier/Fée Mysdibule
90%
Insecte/Vol Papilusion
90%
Normal Pur Rattata
90%
Dragon/Feu Reshiram
90%
Normal/Vol Roucool
90%
Feu Pur Salamèche
90%
Eau/Feu Volcanion
90%
Eau/Roche Amonita
87%
Glace/Vol Artikodin
87%
Insecte/Poison Aspicot
87%
Eau/Sol Axoloto
87%
Combat/Vol Brutalibré
87%
Insecte Pur Chenipan
87%
Électrik/Fée Dedenne
87%
Dragon/Normal Draïeul
87%
Acier/Insecte Foretress
87%
Acier/Roche Galekid
87%
Combat/Feu Galifeu
87%
Dragon/Eau Hyporoi
87%
Dragon/Glace Kyurem
87%
Eau/Vol Léviator
87%
Eau/Éléctrik Loupio
87%
Acier/Combat Lucario
87%
Eau/Plante Nénupiot
87%
Roche/Sol Racaillou
87%
Eau/Psy Ramoloss
87%
Sol Pur Sabelette
87%
Électrik/Poison Toxizap
87%
Psy Pur Abra
84%
Eau/Insecte Arakdo
84%
Glace/Plante Blizzi
84%
Poison/Spectre Fantominus
84%
Acier/Plante Grindur
84%
Feu/Normal Hélionceau
84%
Électrik/Sol Limonde
84%
Glace/Psy Lippoutou
84%
Insecte/Spectre Munja
84%
Poison/Vol Nosferapti
84%
Fée/Normal Rondoudou
84%
Acier/Glace Sabelette d'Alola
84%
Dragon/Ténèbres Solochi
84%
Acier/Sol Steelix
84%
Combat/Eau Tartard
84%
Spectre/Ténèbres Ténéfix
84%
Eau/Poison Tentacool
84%
Acier/Psy Terhal
84%
Fée/Vol Togetic
84%
Fée/Insecte Bombydou
81%
Vol Pur Boréas
81%
Eau/Ténèbres Carvanha
81%
Combat/Glace Crabominable
81%
Combat/Poison Cradopaud
81%
Combat/Dragon Écaid
81%
Glace/Ténèbres Farfuret
81%
Glace/Insecte Frissonille
81%
Électrik/Normal Galvaran
81%
Dragon/Spectre Giratina
81%
Eau/Glace Lamantine
81%
Dragon/Psy Latias
81%
Glace/Sol Marcacrin
81%
Eau/Fée Marill
81%
Glace/Spectre Momartik
81%
Insecte/Plante Paras
81%
Feu/Insecte Pyronille
81%
Feu/Plante Scovilain
81%
Fée/Roche Strassie
81%
Feu/Poison Tritox
81%
Dragon/Sol Vibraninf
81%
Poison Pur Abo
77%
Eau/Normal Castorno
77%
Fée/Glace Feunard d'Alola
77%
Sol/Spectre Gringolem
77%
Plante/Roche Lilia
77%
Feu/Ténèbres Malosse
77%
Combat/Spectre Marshadow
77%
Combat/Psy Méditikka
77%
Dragon/Fée Méga-Altaria
77%
Acier/Spectre Monorpale
77%
Électrik/Ténèbres Morpeko
77%
Insecte/Sol Ningale
77%
Combat/Électrik Pohmotte
77%
Électrik/Roche Racaillou d'Alola
77%
Combat/Insecte Scarhino
77%
Électrik/Insecte Statitik
77%
Eau/Spectre Viskuse
77%
Acier/Poison Vrombi
77%
Glace/Roche Amagara
74%
Psy/Sol Balbuto
74%
Plante/Spectre Brocélôme
74%
Combat/Plante Chapignon
74%
Ténèbres/Vol Cornèbre
74%
Spectre Pur Feuforêve
74%
Feu/Spectre Funécire
74%
Insecte/Ténèbres Gambex
74%
Plante/Vol Granivol
74%
Normal/Poison Gribouraigne
74%
Fée/Ténèbres Grimalin
74%
Fée/Spectre Mimiqui
74%
Roche/Vol Ptéra
74%
Dragon/Roche Ptyranidur
74%
Acier/Ténèbres Scalpion
74%
Feu/Roche Volcaropod
74%
Insecte/Roche Caratroc
71%
Feu/Sol Chamallot
71%
Feu/Glace Darumacho de Galar
71%
Fée/Plante Doudouvet
71%
Normal/Sol Excavarenne
71%
Combat/Sol Fort-Ivoire
71%
Combat/Fée Garde de Fer
71%
Plante/Psy Nœunœuf
71%
Sol/Vol Scorplane
71%
Combat/Roche Terrakium
71%
Roche/Ténèbres Tyranocif
71%
Normal/Plante Vivaldaim
71%
Combat/Ténèbres Baggiguane
68%
Spectre/Vol Baudrive
68%
Fée/Psy M.Mime
68%
Ténèbres Pur Noctali
68%
Électrik/Psy Raichu d'Alola
68%
Psy/Roche Séléroc
68%
Dragon/Poison Kravarech
65%
Psy/Vol Natu
65%
Poison/Sol Nidoqueen
65%
Glace Pur Stalgamin
65%
Plante/Sol Torterra
65%
Normal/Spectre Zorua d'Hisui
65%
Psy/Spectre Hoopa
61%
Sol/Ténèbres Mascaïman
61%
Poison/Ténèbres Moufouette
61%
Combat/Normal Nounourson
61%
Plante/Ténèbres Pifeuil
61%
Plante Pur Saquedeneu
61%
Fée/Poison Smogogo de Galar
61%
Insecte/Psy Coléodôme
58%
Poison/Psy Flagadoss de Galar
58%
Normal/Psy Girafarig
58%
Normal/Ténèbres Rattata d'Alola
55%
Psy/Ténèbres Sepiatop
55%
Poison/Roche Zéroïd
55%
Dragon/Plante Noadkoko d'Alola
52%
Feu/Psy Victini
45%
Acier Pur Registeel
42%
Roche Pur Simularbre
39%
Aucun quiz correspondant
Distribution des résultats
% des personnes avec chaque résultat
Percentile par nombre de réponses
Votre historique - résultats
Vous n’avez pas pris ce quiz